| Tag |
First Indicator |
Second Indicator |
Subfields |
| LEADER |
00000cam a2200000 i 4500 |
| 001 |
in00001007338 |
| 008 |
900723s1990 mau b 000 0 eng |
| 005 |
20250602153349.0 |
| 010 |
|
|
|a 90044672
|
| 020 |
|
|
|a 1555831818
|
| 020 |
|
|
|a 9781555831813
|
| 029 |
1 |
|
|a AU@
|b 000007480114
|
| 029 |
1 |
|
|a NZ1
|b 3078233
|
| 035 |
|
|
|a (OCoLC)ocm22209935
|
| 035 |
|
|
|a (OCoLC)22209935
|
| 035 |
|
|
|a (OCoLC)ocm22209935
|
| 040 |
|
|
|a DLC
|b eng
|c DLC
|d BAKER
|d BTCTA
|d YDXCP
|d OCLCO
|d OCLCQ
|d OCLCF
|d SFR
|d OKX
|d GFK
|d INT
|d OCLCQ
|d FDA
|d OCLCO
|d OCLCL
|d IG#
|d OCLCO
|d EUQ
|d OCLCO
|d TXA
|
| 043 |
|
|
|a n-us---
|
| 050 |
0 |
0 |
|a UB418.G38
|b G38 1990
|
| 082 |
0 |
0 |
|a 355/.008/6642
|2 20
|
| 245 |
0 |
0 |
|a Gays in uniform :
|b the Pentagon's secret reports /
|c edited by Kate Dyer ; with an introduction by Congressman Gerry Studds.
|
| 250 |
|
|
|a First edition.
|
| 264 |
|
1 |
|a Boston :
|b Alyson Publications,
|c 1990.
|
| 300 |
|
|
|a xviii, 135 pages ;
|c 22 cm
|
| 336 |
|
|
|a text
|b txt
|2 rdacontent
|
| 337 |
|
|
|a unmediated
|b n
|2 rdamedia
|
| 338 |
|
|
|a volume
|b nc
|2 rdacarrier
|
| 500 |
|
|
|a Includes 2 reports and several memoranda of the Defense Personnel Security Research and Education Center.
|
| 504 |
|
|
|a Includes bibliographical references.
|
| 505 |
0 |
|
|a Part 1. The first report. Nonconforming sexual orientations and military suitability. Judicial trends and shifting folkways ; Scientific status of the homosexuality concept ; The social construction of sexual deviance ; The morality construction -- good and evil as fundamental categories ; The legal construction -- sexual deviance as criminal behavior ; The sickness construction -- the medicalization of deviance ; The minority group construction -- homosexuals as a non-ethnic minority group ; Regulatory policies in the military ; The traditional view in the light of previous discussion ; Resistance to change ; Summary and implications -- Part 2. The memoranda. Memorandum for Director DOD Personnel Security Research and Education Center ; Memorandum for the Deputy Undersecretary of Defense (Policy) ; Memo for Mr. Peter Nelson -- Part 3. The second report. Preservice adjustment of homosexual and heterosexual military accessions: implications for security clearance suitability. Approach ; Results. Results for the major school problems scale ; Results for the drug and alcohol scale ; Results for the employment experience scale ; Results for the felonies scale ; Results for the minor school problems scale ; Results for the drunk and disorderly scale ; Results for the AFQT percentile ; Discussion. Limitations of the present study.
|
| 520 |
|
|
|a "When two studies by a Pentagon research group found that there was no justification for keeping gay people out of the military, the generals deep-sixed the reports. Congressman Gerry S. Studds and his legislative assistant, Kate Dyer, acting on a tip, uncovered the documents and forced the Pentagon to release them. The complete reports are in this book. There reports contain a rigorous investigation of the homosexual's place in society and in the military. But they go beyond that. Young people just coming out, as well as their parents, will find that the reports provide a valuable and unbiased perspective on what it means to be a lesbian or gay man today."--Publisher's description.
|
| 500 |
|
|
|a The Cushing Library/Women & Gender Studies copy was acquired as part of The Don Kelly Research Collection of Gay Literature and Culture.
|5 TxCM
|
| 650 |
|
0 |
|a Gay military personnel
|z United States.
|
| 651 |
|
0 |
|a United States
|x Armed Forces
|x Recruiting, enlistment, etc.
|
| 651 |
|
4 |
|a United States - Armed Forces - Recruiting, englistment, etc.
|
| 650 |
|
7 |
|a Gay military personnel
|2 fast
|
| 650 |
|
7 |
|a Recruiting and enlistment
|2 fast
|
| 651 |
|
7 |
|a United States
|2 fast
|1 https://id.oclc.org/worldcat/entity/E39PBJtxgQXMWqmjMjjwXRHgrq
|
| 650 |
|
7 |
|a Gay soldiers
|z United States.
|2 henn
|
| 650 |
|
7 |
|a Gay men in the military.
|2 homoit
|0 https://homosaurus.org/v3/homoit0000507
|
| 650 |
|
7 |
|a LGBTQ+ people in the military.
|2 homoit
|0 https://homosaurus.org/v3/homoit0001100
|
| 700 |
1 |
|
|a Dyer, Kate,
|d 1963-
|e editor.
|1 https://id.oclc.org/worldcat/entity/E39PCjJ8xbB6rry9tpy4KfCwvd
|
| 700 |
1 |
|
|a Studds, Gerry E.,
|e author of introduction.
|1 https://id.oclc.org/worldcat/entity/E39PBJhX9f9fM4BGgb8vV8dG73
|
| 710 |
2 |
|
|a Defense Personnel Security Research and Education Center (U.S.)
|1 https://id.oclc.org/worldcat/entity/E39QH7Jmq6rk4Mytd9KvKGwTgg
|
| 758 |
|
|
|i has work:
|a Gays in uniform (Text)
|1 https://id.oclc.org/worldcat/entity/E39PCGh8Vj47VCpxPHhc38tVG3
|4 https://id.oclc.org/worldcat/ontology/hasWork
|
| 938 |
|
|
|a Ingram Library Services
|b INGR
|n in000061267
|
| 938 |
|
|
|a Baker & Taylor
|b BKTY
|c 6.95
|d 5.21
|i 1555831818
|n 0001813462
|s active
|
| 938 |
|
|
|a Baker and Taylor
|b BTCP
|n 90044672
|c $6.95
|
| 938 |
|
|
|a YBP Library Services
|b YANK
|n 1164678
|
| 948 |
|
|
|h HELD BY TXA - 283 OTHER HOLDINGS
|
| 994 |
|
|
|a Z0
|b TXA
|
| 999 |
f |
f |
|s 98fa4fbf-6392-3555-bb97-104a7f0225c9
|i d40cae2c-8763-3f76-a90e-c4cb9621bac5
|t 0
|
| 952 |
f |
f |
|p normal
|a Texas A&M University
|b College Station
|c Sterling C. Evans Library
|s Evans stk
|d Evans: Library Stacks
|t 0
|e UB418.G38 G38 1990
|h Library of Congress classification
|i unmediated -- volume
|m A14814340215
|
| 952 |
f |
f |
|p noncirc
|a Texas A&M University
|b College Station
|c Cushing Memorial Library & Archives
|s cush wgs
|d Cushing: Women & Gender Studies (Does not check out)
|t 0
|e UB418.G38 G38 1990
|h Library of Congress classification
|i unmediated -- volume
|m A14853393137
|
| 998 |
f |
f |
|a UB418.G38 G38 1990
|t 0
|l Evans: Library Stacks
|
| 998 |
f |
f |
|a UB418.G38 G38 1990
|t 0
|l Cushing: Women & Gender Studies (Does not check out)
|